| 000 | 01177nam a2200253Ia 4500 | ||
|---|---|---|---|
| 003 | Ost | ||
| 005 | 20260507075603.0 | ||
| 008 | 260507s9999||||xx |||||||||||||| ||und|| | ||
| 020 | _a9957062964 | ||
| 040 | _cfsecg | ||
| 041 | _aara | ||
| 082 | _a600 | ||
| 100 |
_aخنفر، مؤيد راضي _eمؤلف |
||
| 245 | 0 |
_aتحليل القوائم المالية : _bمدخل نظري و تطبيقي / _c مؤيد راضي خنفر |
|
| 250 | _aطبعة 2 | ||
| 260 |
_aعمان: _bدار المسيرة للنشر و التوزيع, _c2006 |
||
| 300 |
_a303 صفحة؛ _bإيضاحات ؛ _c24 سم |
||
| 520 | _aمدخل الى نظام المعلومات المحاسبي, تحليل القوائم المالية, ادوات تحليل القوائم المالية, النسب المالية اضافة الى تحليل قائمة التدفقات النقدية, تحليل التعادل و في الاخير تحليل الرفع. | ||
| 653 | _aالتحليل المالي | ||
| 653 | _aالقوائم المالية | ||
| 653 | _aالمحاسبة المالية | ||
| 700 |
_aالمطارنة، عسان فلاح _eمؤلف ثانوي |
||
| 942 | _cكتاب | ||
| 999 |
_c45021 _d45021 |
||